000 01562nam0a2200325 4500
001 RU\NLR\BIBL_A\022568237
005 20250801115408.0
010 _a978-5-91338-214-6
_9300
021 _aRU
_bКН-П-25-019276
_9КН-П-25-1951
035 _a(NLR Aleph) 022568237
090 _a13461565
_c13461565
100 _a20250617d2025 k y0rusy50 ca
101 0 _arus
102 _aRU
105 _aach z 010zd
181 0 _ai3
_baxxe
182 0 _an
200 1 _aГрафская кухня - 100 лет
_fредакционная коллегия : В. А. Степанов [и др.]
203 _aТекст
_bвизуальный
_cнепосредственный
210 _aВоронеж
_cЦентр духовного возрождения Черноземного края
_d2025
215 _a221, [2] с.
_cил., портр., факс., цв. ил., цв. портр.
_d28
601 0 2 _a"Графская кухня", мебельная компания
_cВоронеж, город
_xИстория
_92672044
_3RU\NLR\AUTH\6601758101
686 1 _aУ30(2)616.515.510.92(2Р-4Вр)
702 1 _4340
_7ca
_8rus
_aСтепанов
_bВ. А.
_cканд. техн. наук, мебельная пром-сть
_f1946-
_gВалентин Алексеевич
_92671619
_3RU\NLR\AUTH\770282485
711 0 2 _a"Графская кухня", мебельная компания
_cВоронеж
_92660823
_3RU\NLR\AUTH\880628455
942 _cBOOK
980 _aNB